[Event "ALG-ch"]
[Site "Ain Tagoura"]
[Date "2020.02.06"]
[Round "5"]
[White "Fellah, Mohamed Amine"]
[Black "Ghafoul, Mohamed Amine"]
[Result "1-0"]
[WhiteElo "2096"]
[BlackElo "1993"]
[PlyCount "41"]
[EventDate "2020.02.04"]
[EventType "swiss"]
[EventRounds "9"]
[EventCountry "ALG"]
[SourceTitle "CBM 194 Extra"]
[Source "ChessBase"]
[SourceDate "2020.03.31"]
[SourceVersion "1"]
[SourceVersionDate "2020.03.31"]
[SourceQuality "1"]

1. e4 c5 2. Nf3 d6 3. d4 cxd4 4. Nxd4 Nf6 5. Nc3 a6 6. Be2 e5 7. Nb3 Be7 8. 0-0 0-0 9. f4 b5 10. a4 Bb7 11. Bf3 Nbd7 12. Re1 Rc8 13. axb5 axb5 14. Ra7 Ba8 15. Kh1 b4 16. Nd5 Bxd5 17. exd5 Rc4 18. Na5 Rd4 19. Qe2 e4 20. Qe3 exf3 21. Qxd4 1-0

[Event "ALG-ch"]
[Site "Ain Tagoura"]
[Date "2020.02.05"]
[Round "3"]
[White "Benkiar, Djamel"]
[Black "Ghafoul, Mohamed Amine"]
[Result "1/2-1/2"]
[WhiteElo "1962"]
[BlackElo "1993"]
[PlyCount "73"]
[EventDate "2020.02.04"]
[EventType "swiss"]
[EventRounds "9"]
[EventCountry "ALG"]
[SourceTitle "CBM 194 Extra"]
[Source "ChessBase"]
[SourceDate "2020.03.31"]
[SourceVersion "1"]
[SourceVersionDate "2020.03.31"]
[SourceQuality "1"]

1. d4 Nf6 2. Nc3 d5 3. Bg5 Bf5 4. Bxf6 exf6 5. e3 c6 6. Bd3 Bg6 7. Nf3 Bd6 8. Ne2 Na6 9. c3 Nc7 10. Ng3 Qd7 11. Qc2 Bxd3 12. Qxd3 g6 13. e4 Kf8 14. 0-0-0 b5 15. e5 fxe5 16. Nxe5 Bxe5 17. dxe5 Qg4 18. Qe3 Ne6 19. Ne2 Qa4 20. Kb1 b4 21. Nd4 bxc3 22. Nxe6+ fxe6 23. Qxc3 Kg7 24. h4 Rab8 25. h5 Rhf8 26. Rd4 Qb5 27. Qd2 gxh5 28. Rdh4 Rf5 29. g4 Rxe5 30. Qd4 Qe2 31. Qxa7+ Kg6 32. gxh5+ Rxh5 33. Qxb8 Rxh4 34. Qg8+ Kf5 35. Qf7+ Ke5 36. Qg7+ Kf5 37. Qf7+ 1/2-1/2

[Event "ALG-ch"]
[Site "Ain Tagoura"]
[Date "2020.02.05"]
[Round "4"]
[White "Ghafoul, Mohamed Amine"]
[Black "Achour, Mohamed Anis"]
[Result "1/2-1/2"]
[WhiteElo "1993"]
[BlackElo "1951"]
[PlyCount "54"]
[EventDate "2020.02.04"]
[EventType "swiss"]
[EventRounds "9"]
[EventCountry "ALG"]
[SourceTitle "CBM 194 Extra"]
[Source "ChessBase"]
[SourceDate "2020.03.31"]
[SourceVersion "1"]
[SourceVersionDate "2020.03.31"]
[SourceQuality "1"]

1. e4 e5 2. Nf3 Nc6 3. Bc4 Bc5 4. c3 Nf6 5. d3 0-0 6. 0-0 d5 7. exd5 Nxd5 8. Re1 Bg4 9. Nbd2 Nb6 10. Ne4 Bd6 11. Bg5 Qd7 12. h3 Bh5 13. Ng3 Bg6 14. Bb5 a6 15. Bxc6 Qxc6 16. d4 exd4 17. Nxd4 Qc5 18. Qg4 Bxg3 19. Qxg3 Rfe8 20. Be3 Qc4 21. b3 Qxc3 22. Rac1 Qb4 23. Qxc7 Nd5 24. Qc5 Qxc5 25. Rxc5 Nxe3 26. Rxe3 Rxe3 27. fxe3 Kf8 1/2-1/2

[Event "ALG-ch"]
[Site "Ain Tagoura"]
[Date "2020.02.04"]
[Round "2"]
[White "Ghafoul, Mohamed Amine"]
[Black "Djellab, Tarek"]
[Result "1-0"]
[WhiteElo "1993"]
[BlackElo "1789"]
[PlyCount "89"]
[EventDate "2020.02.04"]
[EventType "swiss"]
[EventRounds "9"]
[EventCountry "ALG"]
[SourceTitle "CBM 194 Extra"]
[Source "ChessBase"]
[SourceDate "2020.03.31"]
[SourceVersion "1"]
[SourceVersionDate "2020.03.31"]
[SourceQuality "1"]

1. e4 e6 2. d4 b6 3. Nf3 Bb7 4. Bd3 d6 5. 0-0 Nd7 6. Bf4 Be7 7. Nbd2 Ngf6 8. h3 0-0 9. c3 Re8 10. Qe2 g6 11. e5 Nh5 12. Bh6 dxe5 13. dxe5 Nc5 14. Bc2 Bf8 15. Qe3 Ng7 16. g4 Be7 17. Rad1 Qc8 18. Qf4 Rf8 19. Bg5 Bxg5 20. Nxg5 h6 21. Nge4 Nxe4 22. Nxe4 Bxe4 23. Bxe4 Rb8 24. Qxh6 Rd8 25. h4 Qa6 26. h5 Qe2 27. Rxd8+ Rxd8 28. Qg5 Rd1 29. Rxd1 Qxd1+ 30. Kg2 gxh5 31. Bf3 Qd3 32. gxh5 Qf5 33. Qxf5 Nxf5 34. Be4 Nh6 35. Kf3 Kg7 36. Kf4 f6 37. exf6+ Kxf6 38. Bg6 e5+ 39. Ke4 Ke6 40. b4 Ng8 41. Bf5+ Kd6 42. Bg4 Nh6 43. Bh3 c6 44. c4 c5 45. b5 1-0

[Event "ALG-ch"]
[Site "Tiaret"]
[Date "2019.08.05"]
[Round "8"]
[White "Ghafoul, Mohamed Amine"]
[Black "Talbi, Chafik"]
[Result "0-1"]
[WhiteElo "1992"]
[BlackElo "2274"]
[PlyCount "51"]
[EventDate "2019.08.01"]
[EventType "swiss"]
[EventRounds "9"]
[EventCountry "ALG"]
[SourceTitle "EXT 2020"]
[Source "ChessBase"]
[SourceDate "2019.10.17"]
[SourceVersion "1"]
[SourceVersionDate "2019.10.17"]
[SourceQuality "1"]

1. e4 c5 2. Nf3 d6 3. d4 cxd4 4. Nxd4 Nf6 5. Nc3 Nc6 6. Be3 e5 7. Nb3 Be7 8. Be2 Be6 9. Bf3 0-0 10. 0-0 a5 11. Nd5 a4 12. Nd2 Nd4 13. Bxd4 exd4 14. Nxe7+ Qxe7 15. Nb1 Bc4 16. Re1 Qe5 17. Na3 Be6 18. Qd3 Ra6 19. Red1 Rb6 20. Nc4 Bxc4 21. Qxc4 Rxb2 22. Rxd4 b5 23. Qd3 Rxc2 24. Rb1 Rxa2 25. Rxb5 Ra1+ 26. Bd1 0-1

[Event "ALG-ch"]
[Site "Tiaret"]
[Date "2019.08.04"]
[Round "6"]
[White "Ghafoul, Mohamed Amine"]
[Black "Gueroui, Nacereddine"]
[Result "1-0"]
[WhiteElo "1992"]
[BlackElo "1949"]
[PlyCount "44"]
[EventDate "2019.08.01"]
[EventType "swiss"]
[EventRounds "9"]
[EventCountry "ALG"]
[SourceTitle "EXT 2020"]
[Source "ChessBase"]
[SourceDate "2019.10.17"]
[SourceVersion "1"]
[SourceVersionDate "2019.10.17"]
[SourceQuality "1"]

1. e4 c5 2. Nf3 d6 3. d4 cxd4 4. Nxd4 Nf6 5. Nc3 a6 6. Bg5 e6 7. f4 Be7 8. Qf3 Qc7 9. 0-0-0 Nc6 10. Qg3 Nxd4 11. Rxd4 Bd7 12. e5 dxe5 13. fxe5 Nh5 14. Qh4 Bxg5+ 15. Qxg5 g6 16. Ne4 h6 17. Qe3 Kf8 18. g4 Ng7 19. Qa3+ Ke8 20. Nf6+ Kd8 21. Rxd7+ Qxd7 22. Nxd7 Kxd7 1-0

[Event "ALG-ch"]
[Site "Tiaret"]
[Date "2019.08.01"]
[Round "1"]
[White "Ghafoul, Mohamed Amine"]
[Black "Oussedik, Mahfoud"]
[Result "1-0"]
[WhiteElo "1992"]
[BlackElo "2431"]
[PlyCount "74"]
[EventDate "2019.08.01"]
[EventType "swiss"]
[EventRounds "9"]
[EventCountry "ALG"]
[SourceTitle "EXT 2020"]
[Source "ChessBase"]
[SourceDate "2019.10.17"]
[SourceVersion "1"]
[SourceVersionDate "2019.10.17"]
[SourceQuality "1"]

1. e4 c5 2. Nf3 e6 3. c4 Nc6 4. Nc3 a6 5. g3 Rb8 6. d4 cxd4 7. Nxd4 Qc7 8. Be3 Nf6 9. f4 Bb4 10. Bg2 Na5 11. 0-0 Nxc4 12. Bf2 Nxb2 13. Nd5 Nxd5 14. Qg4 0-0 15. exd5 Nd3 16. Be3 Be7 17. Qe2 Nc5 18. f5 Bf6 19. Rac1 d6 20. fxe6 fxe6 21. dxe6 Qe7 22. Bd5 g6 23. Rxf6 Rxf6 24. Bg5 Kg7 25. Qe3 Bxe6 26. Rxc5 dxc5 27. Nxe6+ Rxe6 28. Bxe6 Qd6 29. Bh6+ Kf6 30. Bg5+ Kg7 31. Bf4 Qd1+ 32. Kg2 Rf8 33. Bh6+ Kf6 34. Bxf8 Qe2+ 35. Qf2+ Qxf2+ 36. Kxf2 Kxe6 37. Bxc5 Kd5 1-0

[Event "ALG-ch sf"]
[Site "Tiaret"]
[Date "2017.03.29"]
[Round "1"]
[White "Ghafoul, Mohamed Amine"]
[Black "Achour, Anis"]
[Result "0-1"]
[WhiteElo "2124"]
[BlackElo "1870"]
[PlyCount "124"]
[EventDate "2017.03.29"]
[EventType "swiss"]
[EventRounds "7"]
[EventCountry "ALG"]
[SourceTitle "EXT 2018"]
[Source "ChessBase"]
[SourceDate "2017.10.13"]
[SourceVersion "1"]
[SourceVersionDate "2017.10.13"]
[SourceQuality "1"]

1. e4 e5 2. Nf3 Nc6 3. Bc4 Bc5 4. c3 Nf6 5. d4 exd4 6. e5 d5 7. Bb5 Ne4 8. cxd4 Bb6 9. Nc3 0-0 10. Be3 Be6 11. Rc1 Ne7 12. Bd3 f5 13. exf6 Nxf6 14. Qc2 Qc8 15. Nh4 c6 16. 0-0 Bc7 17. Ne2 Qe8 18. Bf4 Bb6 19. Be5 Qh5 20. Bg3 g5 21. Nf3 Rae8 22. h4 h6 23. Bd6 Ne4 24. Bxe4 dxe4 25. Ng3 Qg4 26. Ne5 Qxh4 27. Bxe7 Bxd4 28. Bxf8 Qxg3 29. Qxe4 Qxe5 30. Qxe5 Bxe5 31. Ba3 Bxa2 32. Rfe1 Kf7 33. Rcd1 Bd5 34. Re3 Re6 35. Rde1 Bd4 36. Rxe6 Bxe6 37. Rd1 c5 38. b4 cxb4 39. Bxb4 Be5 40. Bd6 Bxd6 41. Rxd6 Ke7 42. Rd1 h5 43. f3 a6 44. Kf2 Kf6 45. Ke3 Ke5 46. Rd8 h4 47. Rb8 Bd5 48. Re8+ Kf5 49. Kd4 Bc6 50. Rf8+ Ke6 51. Ke3 Ke5 52. Kf2 a5 53. g4 hxg3+ 54. Kxg3 b5 55. Kg4 a4 56. Kxg5 a3 57. f4+ Kd4 58. Rd8+ Bd5 59. Rd7 a2 60. Ra7 b4 61. f5 b3 62. f6 b2 0-1